|
|
|
|
| LEADER |
01016nam a2200229 4500 |
| 008 |
720829s1971 nyua b 000 0 eng |
| 010 |
|
|
|a 74151996
|
| 020 |
|
|
|a 0060438495
|
| 082 |
0 |
0 |
|a 301
|
| 100 |
1 |
|
|a Larsen, Otto N.
|
| 245 |
1 |
0 |
|a Conceptual sociology:
|b a self-teaching manual of exercises/
|c [by] Otto N. Larsen [and] William R. Catton.
|
| 250 |
|
|
|a 2d ed.
|
| 260 |
|
|
|a New York:
|b Harper & Row,
|c [c1971].
|
| 300 |
|
|
|a viii, 227 p.
|b illus.
|c 28 cm.
|
| 500 |
|
|
|a First ed. published in 1962 under title: Conceptual sociology; a manual of exercises relating concepts to specimens, principles, and definitions.
|
| 504 |
|
|
|a Includes bibliographical references.
|
| 650 |
|
0 |
|a Sociology
|x Handbooks, manuals, etc.
|
| 700 |
1 |
|
|a Catton, William Robert,
|d 1926-
|e joint author.
|
| 906 |
|
|
|a 7
|b cbc
|c orignew
|d 2
|e ncip
|f 19
|g y-gencatlg
|
| 942 |
|
|
|c BK
|
| 999 |
|
|
|c 179941
|d 179941
|
| 952 |
|
|
|0 0
|1 0
|2 ddc
|4 0
|6 301_000000000000000_LAR_C
|7 0
|9 199233
|a EDU
|b EDU
|c ST1
|d 2010-10-20
|i 1368
|l 0
|o 301 LAR/C
|p EDU1368
|r 2010-10-20
|w 2010-10-20
|y BK
|